ბათუმის შოთა რუსთაველის სახელმწიფო უნივერსიტეტის ბიბლიოთეკა

აჭარული დიალექტის დარგობრივი ლექსიკა. (ბიბ.ჩანაწერი № 51176)

000 -ლიდერი
ფიქსირებული სიგრძის საკონტროლო ველი 01169nam a2200241Ia 4500
001 - საკონტროლო ნომერი
საკონტროლო ველი 18135
003 - საკონტროლო ნომრის იდენტიფიკატორი
საკონტროლო ველი GE_BSU
005 - ბოლო ოპერაციის თარიღი და დრო
საკონტროლო ველი 20230623100434.0
008 - ფიქსირებული სიგრძის მონაცემთა ელემენტები - ზოგადი ინფორმაცია
ფიქსირებული სიგრძის საკონტროლო ველი 181216s1986ge xx |||||||||||||| ||geo||
022 ## - საერთაშორისო სტანდარტული სერიული ნომერი
International Standard Serial Number 0137-0073
040 ## - კატალოგიზაციის წყარო
Transcribing agency GE_BSU
041 ## - ენის კოდი
Language code of text/sound track or separate title geo
080 ## - უნივერსალური ათობითი კლასიფიკაციის ინდექსი
Universal Decimal Classification number 811.353.1'282 ა-97
245 ## - ცნობა სათაურის შესახებ
Title აჭარული დიალექტის დარგობრივი ლექსიკა.
Remainder of title კრ. 5: სტატიების კრებული /
Statement of responsibility, etc რედ. შ. ძიძიგური
264 ## - წარმოების, გამოცემის, დისტრიბუციის და სხვა ცნობები
გამოცემის, წარმოების, დისტრიბუციის... ადგილი თბილისი :
გამოცემის, წარმოების, დისტრიბუციის... სახელწოდება მეცნიერება,
გამოცემის, წარმოების, დისტრიბუციის... თარიღი 1986.
300 ## - ფიზიკური აღწერა
Extent 126 გვ.:
Other physical details 21 სმ.
520 ## - SUMMARY, ETC.
Summary, etc რეზ. რუს. ენ.. - ბიბლიოგრ. ტექსტ. შენიშვნ
653 ## - INDEX TERM--UNCONTROLLED
Uncontrolled term აჭარული დიალექტის დარგობრივი ლექსიკა
653 ## - INDEX TERM--UNCONTROLLED
Uncontrolled term ქართული ენის დიალექტები; აჭარული დიალექტი
653 ## - INDEX TERM--UNCONTROLLED
Uncontrolled term ქართული ენის ლექსიკა
700 ## - ADDED ENTRY--PERSONAL NAME
Personal name ძიძიგური,შ
Relator term რედაქტორი
9 (RLIN) 7658
942 ## - ADDED ENTRY ELEMENTS (KOHA)
Koha item type წიგნი
Source of classification or shelving scheme
ეგზემპლარები
ჩამოწერის სტატუსი დაკარგული ეგზემპლარის სტატუსი კლასიფიკაციის წყარო ან თაროზე გაწყობის სქემა დაზიანების სტატუსი არ გაიცემა მუდმივი მდებარეობა (დაცვის ადგილი) ამჟამინდელი ადგილსამყოფელი თაროზე განთავსების ადგილი შეძენის თარიღი ღირებულება, შესყიდვის ნორმალური ფასი სრული შენახვის შიფრი შტრიხკოდი ბოლო ოპერაციის თარიღი ეგზემპლარის მიმდევრობითი ნომერი (კეტერი?) ფასის ძალაში შესვლის თარიღი ეგზემპლარის სახეობა საჯარო შენიშვნა Uniform Resource Identifier
          ბათუმის შოთა რუსთაველის სახელმწიფო უნივერსიტეტის მთავარი ბიბლიოთეკა ბათუმის შოთა რუსთაველის სახელმწიფო უნივერსიტეტის მთავარი ბიბლიოთეკა წიგნსაცავი 2018-12-17 4.00 811.353.1'282 ა-97 46260 2018-12-17 46260 2018-12-17 წიგნი 4.00  
          ბათუმის შოთა რუსთაველის სახელმწიფო უნივერსიტეტის მთავარი ბიბლიოთეკა ბათუმის შოთა რუსთაველის სახელმწიფო უნივერსიტეტის მთავარი ბიბლიოთეკა წიგნსაცავი 2018-12-17 4.00 811.353.1'282 ა-97 46261 2018-12-17 46261 2018-12-17 წიგნი 4.00  
          ბათუმის შოთა რუსთაველის სახელმწიფო უნივერსიტეტის მთავარი ბიბლიოთეკა ბათუმის შოთა რუსთაველის სახელმწიფო უნივერსიტეტის მთავარი ბიბლიოთეკა წიგნსაცავი 2023-06-23 4.00 811.353.1'282 ა-97 64798 2023-06-23 64798 2023-06-23 წიგნი 4.00 ბსუ-ს საპატიო დოქტორის გურამ ლორთქიფანიძის საჩუქარი